Skúšobníctvo pri vývoji 400kV priechodky : Čiastková výskumná správa o riešení úlohy RS-03-124-002/3

Guardado en:
Detalles Bibliográficos
Autores principales: Zlatovský, Ján (Autor), Karaffa, Marián (Autor), Šandrik, Pavol, 1938- (Autor), Smieško, Martin, 1941- (Autor), Trenčanský, Milan (Autor)
Otros Autores: Gábriš, František (Jefe de equipo de investigación)
Formato: Libro
Publicado: Bratislava : SVŠT v Bratislave EF, 1972
Etiquetas: Agregar Etiqueta
Sin Etiquetas, Sea el primero en etiquetar este registro!

MARC

LEADER 00000nam a22000003a 4500
001 stu236749
005 20150617230124.4
008 111019s1972----------------------------d
040 |a STU  |b slo 
041 0
100 1 |a Gábriš, František  |4 rth 
245 1 |a Skúšobníctvo pri vývoji 400kV priechodky :  |b Čiastková výskumná správa o riešení úlohy RS-03-124-002/3 
260 |a Bratislava :  |b SVŠT v Bratislave EF,  |c 1972 
300 |a 31 s  |c príl. 
700 1 |a Zlatovský, Ján  |4 aut  |u E130  |U FEI Fakulta elektrotechniky a informatiky  |T FEI Katedra elektroenergetiky  |U E130  |Y 59 
700 1 |a Karaffa, Marián  |4 aut 
700 1 |a Šandrik, Pavol,  |d 1938-  |4 aut  |u E130  |U FEI Fakulta elektrotechniky a informatiky  |T FEI Katedra elektroenergetiky  |X 4259  |U E130  |Y 59  |7 A000004259 
700 1 |a Smieško, Martin,  |d 1941-  |4 aut  |u E020  |U FEI Fakulta elektrotechniky a informatiky  |T FEI Ústav elektroenergetiky a aplikovanej elektrotechniky  |X 2117  |U E020  |Y 548  |7 A000002117 
700 1 |a Trenčanský, Milan  |4 aut  |u E940  |U Dekanát  |T FEI Technicko-prevádzkové oddelenie  |U E940  |Y 240 
996 |b EVYSK-S-112  |c E*VYSK-S-112  |l E  |s P  |a 0  |w stu236749_0001